000 00532nam a2200181Ia 4500
008 100920s9999 xx 000 0 und d
082 _b86493
_a--- न 00
100 _aकुलकर्णी पद्रमा.
245 _aकिथी.
260 _bप्राजक्त प्रकाशन, पुणे.
_c2000
300 _a136
_bसाधी
365 _b110
520 _aकादंबरी.
630 _aकिथी.
650 _aकादंबरी.
730 _aकिथी.
942 _cBOOK
999 _c727003
_d727000